| 000 | 00341cam a2200133ua 4500 | ||
|---|---|---|---|
| 082 |
_a633 _bGOP/KA |
||
| 100 |
_aGopimony, R . _91708 |
||
| 245 | _aKarshika Vilakal / | ||
| 250 | _a2 / | ||
| 260 |
_aThiruvananthapuram : _bState Instititute of Languages , _c1970. |
||
| 300 | _a1082 ; . | ||
| 700 | 1 |
_aSreenivasan, K N . _91709 |
|
| 942 | _cBK | ||
| 999 |
_c6237 _d6237 |
||